000
00320nam a22001457a 4500
003
SGT
020
_a
9789351432210
082
_a
345,RAT
100
_a
RATANLAL & DHIRAJLAL
245
_a
THE INDIAN PENAL CODE
260
_a
GURGAON
_b
LEXIS NEXIS
_c
2014
300
_a
994
650
_a
CRIMINAL LAW
942
_2
ddc
_c
BK
_0
25
999
_c
10176
_d
10176